<?xml version="1.0" encoding="UTF-8"?>
<collection xmlns="http://www.loc.gov/MARC21/slim">
    <record>
        <controlfield tag="001">88362</controlfield>
        <controlfield tag="005">20200407015150.0</controlfield>
        <datafield tag="020" ind1=" " ind2=" ">
            <subfield code="a">978-84-17633-92-9</subfield>
        </datafield>
        <datafield tag="024" ind1="7" ind2=" ">
            <subfield code="2">doi</subfield>
            <subfield code="a">10.26754/uz.978-84-17633-92-9</subfield>
        </datafield>
        <datafield tag="037" ind1=" " ind2=" ">
            <subfield code="a">BOOK-2020-028</subfield>
        </datafield>
        <datafield tag="041" ind1=" " ind2=" ">
            <subfield code="a">spa</subfield>
        </datafield>
        <datafield tag="100" ind1=" " ind2=" ">
            <subfield code="a">SALINAS ALCEGA, Sergio</subfield>
            <subfield code="b"></subfield>
        </datafield>
        <datafield tag="245" ind1=" " ind2=" ">
            <subfield code="a">Desarrollos jurisprudenciales de los Tribunales de Justicia de la Unión Europea y de la Comunidad Andina</subfield>
        </datafield>
        <datafield tag="260" ind1=" " ind2=" ">
            <subfield code="a">Zaragoza</subfield>
            <subfield code="b">Prensas Universitarias de Zaragoza</subfield>
            <subfield code="c">2019</subfield>
        </datafield>
        <datafield tag="300" ind1=" " ind2=" ">
            <subfield code="a">132</subfield>
        </datafield>
        <datafield tag="520" ind1=" " ind2=" ">
            <subfield code="a">Resultado de un proyecto coordinado por la Facultad de Derecho de la Universidad de Zaragoza, España, y la Facultad de Ciencias Jurídicas y Políticas y el Centro de Estudios Latinoamericanos de la Universidad Autónoma de Bucaramanga, UNAB, Colombia, este libro aborda el papel de los Tribunales en los procesos de integración de la Unión Europea y la Comunidad Andina. La posición de ambos órganos se conﬁ gura como crucial, superando su función jurisdiccional clásica para colmar las lagunas de unos ordenamientos en construcción. Entre las herramientas con las que ambos Tribunales cumplen sus funciones destacan la cuestión prejudicial y el recurso de incumplimiento, que garantizan tanto la interpretación y aplicación uniforme de ese Derecho de la integración por los tribunales nacionales como su respeto por los Estados miembro</subfield>
        </datafield>
        <datafield tag="653" ind1="1" ind2=" ">
            <subfield code="a">tribunal de justicia de la unión europea–jurisprudencia</subfield>
        </datafield>
        <datafield tag="653" ind1="1" ind2=" ">
            <subfield code="a">tribunales internacionales– jurisprudencia–andes (región)</subfield>
        </datafield>
        <datafield tag="700" ind1=" " ind2=" ">
            <subfield code="a">CARRERA HERNÁNDEZ, F. Jesús</subfield>
            <subfield code="b"></subfield>
        </datafield>
        <datafield tag="856" ind1="0" ind2=" ">
            <subfield code="f">zaguan@unizar.es</subfield>
        </datafield>
        <datafield tag="856" ind1="4" ind2=" ">
            <subfield code="s">1381735</subfield>
            <subfield code="u">http://zaguan.unizar.es/record/88362/files/BOOK-2020-028.pdf</subfield>
            <subfield code="z">Texto completo</subfield>
        </datafield>
        <datafield tag="909" ind1="C" ind2="O">
            <subfield code="o">oai:zaguan.unizar.es:88362</subfield>
            <subfield code="p">books</subfield>
        </datafield>
        <datafield tag="980" ind1=" " ind2=" ">
            <subfield code="a">BOOK</subfield>
            <subfield code="b">PRENSASUZ</subfield>
            <subfield code="b"></subfield>
        </datafield>
    </record>

    
</collection>